[Event "C.to Provinciale NA"]
[Site "Napoli ITA"]
[Date "2014.01.23"]
[Round "6"]
[White "Di Meo, Antonio"]
[Black "Baccelliere, Antonio"]
[WhiteElo "1886"]
[BlackElo "1677"]
[Result "1/2-1/2"]
[PlyCount "79"]
[EventDate "2013.12.05"]

1. g4 e5 2. Bg2 d5 3. c4 dxc4 4. Qa4+ c6 5. h3 Be6 6. Nc3 Nd7 7. Nf3 Nb6 8. Qa5
f6 9. O-O Bd6 10. Ne4 Bd5 11. d3 cxd3 12. exd3 Ne7 13. Nxd6+ Qxd6 14. Be3 Qc7
15. b4 O-O 16. Rfc1 Rfc8 17. Rab1 Nd7 18. Qxc7 Rxc7 19. b5 Bxa2 20. Ra1 Bd5 21.
b6 Rcc8 22. bxa7 c5 23. Nd2 Bxg2 24. Kxg2 Nd5 25. Nc4 Nxe3+ 26. fxe3 b5 27. Nd6
Rc7 28. Nxb5 Rb7 29. Ra5 Kf8 30. Kf3 Ke7 31. Ke4 Ke6 32. Rb1 Nb6 33. Ra6 Kd7
34. Nc3 Kc7 35. Rba1 Nc8 36. R1a5 Raxa7 37. Nb5+ Rxb5 38. Rxa7+ Nxa7 39. Rxa7+
Rb7 40. Rxb7+ 1/2-1/2

[Event "C.to Provinciale NA"]
[Site "Napoli ITA"]
[Date "2014.01.23"]
[Round "6"]
[White "Esposito, Rosario"]
[Black "Di Pascale, Raffaele"]
[WhiteElo "1825"]
[BlackElo "1443"]
[Result "1-0"]
[PlyCount "55"]
[EventDate "2013.12.05"]

1. d4 d5 2. c4 c6 3. Nf3 Nf6 4. Nc3 e6 5. Bg5 Be7 6. e3 Nbd7 7. Qc2 O-O 8. cxd5
exd5 9. Bd3 h6 10. Bh4 Re8 11. O-O Bd6 12. e4 dxe4 13. Nxe4 Be7 14. Nc3 Nd5 15.
Nxd5 Bxh4 16. Nxh4 cxd5 17. Rae1 Nf6 18. Nf3 Bd7 19. Qb3 Qa5 20. Rxe8+ Rxe8 21.
Qxb7 Qxa2 22. Ne5 Be6 23. Qb5 Kf8 24. Bb1 Qa1 25. Bc2 Qa2 26. Bb1 Qa1 27. Qb4+
Re7 28. Nc6 1-0

[Event "C.to Provinciale NA"]
[Site "Napoli ITA"]
[Date "2014.01.23"]
[Round "6"]
[White "Farina, Walter"]
[Black "Baccelliere, Donato"]
[WhiteElo "1618"]
[BlackElo "1422"]
[Result "1-0"]
[PlyCount "63"]
[EventDate "2013.12.05"]

1. e4 e5 2. Nf3 Nf6 3. Nxe5 Qe7 4. d4 Nxe4 5. Bd3 d6 6. Bxe4 dxe5 7. O-O Nc6 8.
Bxc6+ bxc6 9. dxe5 Qe6 10. Bg5 Bd7 11. Nd2 Be7 12. Bxe7 Qxe7 13. Nb3 O-O 14.
Re1 Rad8 15. Qe2 Rfe8 16. Qa6 Ra8 17. Qb7 Rec8 18. Nd4 Rab8 19. Qxa7 Rxb2 20.
Qa6 c5 21. Qa3 Rcb8 22. Rac1 Kf8 23. Nb3 c4 24. Qxb2 cxb3 25. cxb3 c5 26. Qc3
Rc8 27. a4 Qg5 28. Qe3 Qg6 29. Rxc5 Bc6 30. Qg3 Qe6 31. Rec1 Qxb3 32. Qxb3 1-0

[Event "C.to Provinciale NA"]
[Site "Napoli ITA"]
[Date "2014.01.23"]
[Round "6"]
[White "Ghiani, Marco"]
[Black "Angelotti, Mario"]
[WhiteElo "1482"]
[BlackElo "1728"]
[Result "0-1"]
[PlyCount "78"]
[EventDate "2013.12.05"]

1. d4 Nf6 2. c4 e6 3. Nc3 Bb4 4. e3 O-O 5. Bd3 b6 6. a3 Bxc3+ 7. bxc3 Bb7 8.
Nf3 d6 9. Qc2 Nbd7 10. e4 e5 11. d5 Nc5 12. Bg5 Qe7 13. O-O Bc8 14. Ne1 Bd7 15.
Qe2 c6 16. f3 Rfe8 17. Bc2 cxd5 18. cxd5 a6 19. Nd3 Rac8 20. Nxc5 Rxc5 21. c4
b5 22. Bd3 Rec8 23. Be3 R5c7 24. Rfc1 Nh5 25. cxb5 Nf4 26. Bxf4 exf4 27. Rxc7
Rxc7 28. bxa6 Bc8 29. Qd2 Qe5 30. Rc1 Qd4+ 31. Kf1 Rxc1+ 32. Qxc1 Qxd3+ 33. Ke1
Bxa6 34. Qb2 Qf1+ 35. Kd2 Qxg2+ 36. Kc3 Qxb2+ 37. Kxb2 Be2 38. e5 dxe5 39. d6
Kf8 0-1

[Event "C.to Provinciale NA"]
[Site "Napoli ITA"]
[Date "2014.01.23"]
[Round "6"]
[White "Lombardo, Claudio"]
[Black "Freda, Guido"]
[WhiteElo "1833"]
[BlackElo "1578"]
[Result "1-0"]
[PlyCount "116"]
[EventDate "2013.12.05"]

1. d4 d5 2. Nf3 Nf6 3. c4 Bf5 4. Nc3 e6 5. e3 c5 6. cxd5 exd5 7. Bb5+ Nc6 8.
O-O Be7 9. Qa4 Bd7 10. dxc5 Bxc5 11. Qd1 a6 12. Ba4 b5 13. Bb3 Be6 14. Ne2 O-O
15. Qc2 Qd6 16. Rd1 Nb4 17. Qd2 a5 18. a3 Ne4 19. Qe1 Nc6 20. Ned4 Rfb8 21. Bc2
f5 22. Nxc6 Qxc6 23. Nd4 Qe8 24. Nxe6 Qxe6 25. Bxe4 fxe4 26. Bd2 a4 27. Bc3 Bd6
28. Qd2 d4 29. Qxd4 Bf8 30. Qd5 Qxd5 31. Rxd5 b4 32. axb4 Bxb4 33. Be5 Re8 34.
Rad1 Rac8 35. h3 Rc2 36. Rd8 Rxd8 37. Rxd8+ Kf7 38. Rd1 g6 39. Ra1 Ke6 40. Bd4
Kd5 41. Rxa4 Be1 42. Kh2 Rxf2 43. Ra7 h5 44. Re7 Rf5 45. Rb7 h4 46. Rb5+ Ke6
47. Rxf5 Kxf5 48. Kg1 g5 49. Kf1 Bg3 50. b4 Ke6 51. Ke2 Kd6 52. b5 Kc7 53. Kd2
Kb7 54. b6 Ka6 55. Kc3 Be1+ 56. Kc4 Ba5 57. Kd5 Bxb6 58. Bxb6 Kxb6 1-0

[Event "C.to Provinciale NA"]
[Site "Napoli ITA"]
[Date "2014.01.23"]
[Round "6"]
[White "Melchior, Alex"]
[Black "Buiano, Fabio"]
[WhiteElo "1910"]
[BlackElo "2034"]
[Result "0-1"]
[PlyCount "126"]
[EventDate "2013.12.05"]

1. e4 c5 2. Nf3 g6 3. d4 cxd4 4. Nxd4 Nc6 5. Be3 Nf6 6. Nc3 Bg7 7. f3 O-O 8.
Qd2 d5 9. Nxc6 bxc6 10. O-O-O Qa5 11. Kb1 Rb8 12. b3 Rb4 13. exd5 cxd5 14. Nxd5
Nxd5 15. Qxd5 Rxb3+ 16. Qxb3 Be6 17. c4 Qc7 18. Kc1 Rb8 19. Qc2 Qe5 20. Rd3
Qa1+ 21. Kd2 Rb2 22. Rd8+ Bf8 23. Bh6 Rxc2+ 24. Kxc2 Qxa2+ 25. Kd1 Qb1+ 26. Kd2
Qa2+ 27. Kd1 Qa1+ 28. Kc2 Qa2+ 29. Kd1 Qa1+ 30. Kc2 Bf5+ 31. Bd3 Qa2+ 32. Kd1
Qa1+ 33. Kc2 Qa2+ 34. Kd1 Qb3+ 35. Ke2 Bxd3+ 36. Rxd3 Qxc4 37. Bxf8 Kxf8 38.
Rhd1 h5 39. Kf2 Qc5+ 40. Kf1 h4 41. Rd5 Qc4+ 42. Kf2 a5 43. R1d4 Qc2+ 44. Rd2
Qc3 45. R2d3 Qc2+ 46. Rd2 Qb3 47. Rd8+ Kg7 48. R8d3 Qb6+ 49. Kf1 Qb5 50. Ke1 a4
51. Re3 Qb1+ 52. Ke2 e6 53. Rdd3 Qc2+ 54. Kf1 g5 55. Ra3 Qd1+ 56. Kf2 Qd2+ 57.
Kg1 f5 58. Rad3 Qc1+ 59. Kf2 Qc2+ 60. Kg1 Kf6 61. Rc3 Qd1+ 62. Kf2 Qd2+ 63. Kg1
f4 0-1

[Event "C.to Provinciale NA"]
[Site "Napoli ITA"]
[Date "2014.01.23"]
[Round "6"]
[White "Messina, Enrico"]
[Black "Caiazzo, Diego"]
[WhiteElo "2188"]
[BlackElo "1792"]
[Result "1-0"]
[PlyCount "65"]
[EventDate "2013.12.05"]

1. e4 d5 2. exd5 Qxd5 3. Nf3 Bg4 4. Be2 Nf6 5. h3 Bh5 6. O-O c6 7. c4 Qd6 8. d4
e6 9. Nc3 Be7 10. a3 O-O 11. Be3 Qd8 12. Qd2 Nbd7 13. Rfd1 Nb6 14. b3 Qc8 15.
Qa2 Rd8 16. b4 h6 17. Rac1 Nbd7 18. Bf4 Bg6 19. d5 Nb8 20. Ne5 Bh7 21. Bf3 exd5
22. cxd5 Qf5 23. dxc6 Rxd1+ 24. Rxd1 Nxc6 25. Qxf7+ Kh8 26. Nxc6 bxc6 27. Bxh6
Bf8 28. Be3 Bg8 29. Qb7 Rc8 30. Qxa7 g5 31. Bd4 Rd8 32. Qa5 Rxd4 33. Qxf5 1-0

[Event "C.to Provinciale NA"]
[Site "Napoli ITA"]
[Date "2014.01.23"]
[Round "6"]
[White "Solombrino, Giovanni"]
[Black "Pellegrino, Giovanni"]
[WhiteElo "1860"]
[BlackElo "1380"]
[Result "1-0"]
[PlyCount "45"]
[EventDate "2013.12.05"]

1. e4 e6 2. d4 d5 3. Nd2 Nf6 4. e5 Nfd7 5. Bd3 c5 6. c3 Nc6 7. Ne2 Qb6 8. Nf3
Be7 9. O-O f6 10. exf6 Nxf6 11. Ng3 O-O 12. Re1 cxd4 13. cxd4 Kh8 14. Bc2 Bd6
15. a3 Re8 16. Ne5 Bxe5 17. dxe5 Nd7 18. Qh5 g6 19. Bxg6 Re7 20. Bg5 Rg7 21.
Bd3 Ncxe5 22. Rxe5 Nxe5 23. Qe8+ 1-0

[Event "C.to Provinciale NA"]
[Site "Napoli ITA"]
[Date "2014.01.23"]
[Round "6"]
[White "Taurisano, Vincenzo"]
[Black "Miccoli, Livio"]
[WhiteElo "1950"]
[BlackElo "1620"]
[Result "1-0"]
[PlyCount "63"]
[EventDate "2013.12.05"]

1. d4 Nf6 2. Nf3 d6 3. c4 g6 4. Nc3 Bg7 5. g3 O-O 6. Bg2 c5 7. O-O a6 8. a4 Qc7
9. d5 Bg4 10. h3 Bxf3 11. Bxf3 Nbd7 12. e4 Ne5 13. Qe2 Nxf3+ 14. Qxf3 Nd7 15.
Qe2 Ne5 16. Kg2 Qb6 17. f4 Nd7 18. Be3 Qb3 19. Ra3 Qb4 20. a5 Bxc3 21. Rxc3
Qxa5 22. e5 Rac8 23. Bd2 Qc7 24. f5 Rcd8 25. Bh6 Rfe8 26. fxg6 hxg6 27. e6 Ne5
28. exf7+ Nxf7 29. Rxf7 Qc8 30. Rg7+ Kh8 31. Rf3 Rf8 32. Qxe7 1-0

[Event "C.to Provinciale NA"]
[Site "Napoli ITA"]
[Date "2014.01.23"]
[Round "6"]
[White "Zinnai, Graziano Matteo"]
[Black "Di Gennaro, Antonio"]
[WhiteElo "2039"]
[BlackElo "1661"]
[Result "1/2-1/2"]
[PlyCount "70"]
[EventDate "2013.12.05"]

1. e4 c5 2. Nf3 d6 3. Bb5+ Bd7 4. Bxd7+ Qxd7 5. c4 Nc6 6. d4 cxd4 7. Nxd4 g6 8.
Be3 Bg7 9. Nc3 Nf6 10. f3 O-O 11. O-O a6 12. Qd2 Nxd4 13. Bxd4 b5 14. Nd5 Nxd5
15. cxd5 Rfc8 16. Rac1 Qd8 17. Bxg7 Kxg7 18. Qd4+ Kg8 19. f4 Rxc1 20. Rxc1 Rc8
21. Rc3 Rxc3 22. Qxc3 Qb6+ 23. Kf1 Qa7 24. b4 Qd7 25. h3 Qa7 26. e5 Qd7 27. Qc6
Qf5 28. Qxa6 Qxf4+ 29. Kg1 Qc1+ 30. Kh2 Qf4+ 31. Kg1 Qxb4 32. exd6 exd6 33. Qc6
Qe1+ 34. Kh2 Qe5+ 35. Kg1 Qe1+ 1/2-1/2

[Event "C.to Provinciale NA"]
[Site "Napoli ITA"]
[Date "2014.01.30"]
[Round "7"]
[White "Angelotti, Mario"]
[Black "Di Meo, Antonio"]
[WhiteElo "1728"]
[BlackElo "1886"]
[Result "0-1"]
[PlyCount "78"]
[EventDate "2013.12.05"]

1. e4 c6 2. f4 d6 3. Nc3 g6 4. d3 Bg7 5. Bd2 b5 6. Qc1 Nf6 7. Be2 Nbd7 8. Nf3
Qc7 9. Nd1 a6 10. Ne3 Nc5 11. h3 Nh5 12. Nf1 e5 13. fxe5 dxe5 14. g4 Nf4 15.
Bxf4 exf4 16. c3 O-O 17. N1d2 Re8 18. Qc2 Qe7 19. O-O f5 20. Nd4 Qh4 21. Rf3
fxg4 22. hxg4 Bxg4 23. Rf2 Bxe2 24. Nxe2 Ne6 25. Raf1 Rf8 26. Nf3 Qe7 27. d4
Rad8 28. Rg2 Kh8 29. Kf2 c5 30. d5 Nc7 31. Rh1 Nxd5 32. exd5 Qe3+ 33. Ke1 Rf5
34. Rf2 Rfxd5 35. Kf1 Rd1+ 36. Ne1 Kg8 37. Kg2 R8d2 38. Qb3+ c4 39. Nc2 Qe4+
0-1

[Event "C.to Provinciale NA"]
[Site "Napoli ITA"]
[Date "2014.01.30"]
[Round "7"]
[White "Auletta, Angelo"]
[Black "Capone, Vincenzo"]
[WhiteElo "2148"]
[BlackElo "2190"]
[Result "1/2-1/2"]
[PlyCount "72"]
[EventDate "2013.12.05"]

1. e4 c5 2. Nf3 e6 3. d4 cxd4 4. Nxd4 Nc6 5. Nb5 d6 6. Bf4 e5 7. Be3 a6 8. N5c3
Nf6 9. Bg5 Qb6 10. Bxf6 Qxb2 11. Nd5 Qxa1 12. Nc7+ Kd7 13. Nxa8 gxf6 14. Nb6+
Kd8 15. Nxc8 Kxc8 16. c3 Qxa2 17. Be2 f5 18. exf5 d5 19. O-O Bc5 20. f6 Kb8 21.
Bh5 d4 22. cxd4 exd4 23. Nd2 Bb6 24. Nb3 Ne5 25. Re1 Ng6 26. Nc1 Qd5 27. Nd3
Bc7 28. Bf3 Qd6 29. Qb3 Qb6 30. Qxf7 Ka7 31. Qa2 Qxf6 32. Rb1 Rb8 33. Qd5 Bb6
34. Nc5 Ne7 35. Qe4 Qc6 36. Qxc6 Nxc6 1/2-1/2

[Event "C.to Provinciale NA"]
[Site "Napoli ITA"]
[Date "2014.01.30"]
[Round "7"]
[White "Baccelliere, Antonio"]
[Black "Esposito, Rosario"]
[WhiteElo "1677"]
[BlackElo "1825"]
[Result "0-1"]
[PlyCount "72"]
[EventDate "2013.12.05"]

1. e4 c5 2. Nf3 e6 3. d4 cxd4 4. Nxd4 Nc6 5. b3 Qc7 6. Bb2 Bb4+ 7. c3 Be7 8.
Be2 Nf6 9. Qd3 O-O 10. O-O a6 11. Nd2 Ne5 12. Qc2 b5 13. N2f3 Ng6 14. b4 Bb7
15. Bd3 Nf4 16. Rfe1 Nxd3 17. Qxd3 Rac8 18. a3 d6 19. Rac1 Nd7 20. g3 Nb6 21.
Nd2 Nc4 22. Nxc4 Qxc4 23. Qxc4 Rxc4 24. f3 Rfc8 25. Ra1 Bf6 26. Ne2 g6 27. Red1
d5 28. exd5 Bxd5 29. Nf4 Bxf3 30. Rd7 R4c7 31. Rd6 Rc6 32. Rd7 R8c7 33. Rxc7
Rxc7 34. Rc1 Bg7 35. Kf2 Bb7 36. Ke3 e5 0-1

[Event "C.to Provinciale NA"]
[Site "Napoli ITA"]
[Date "2014.01.30"]
[Round "7"]
[White "Buiano, Fabio"]
[Black "Taurisano, Vincenzo"]
[WhiteElo "2034"]
[BlackElo "1950"]
[Result "1-0"]
[PlyCount "47"]
[EventDate "2013.12.05"]

1. e4 c5 2. Nc3 Nc6 3. f4 g6 4. Nf3 Bg7 5. Bb5 e6 6. Bxc6 bxc6 7. e5 Ne7 8. Ne4
O-O 9. Nxc5 d6 10. exd6 Qxd6 11. d4 f6 12. O-O e5 13. Ne4 Qc7 14. dxe5 Ba6 15.
exf6 Bxf6 16. Nxf6+ Rxf6 17. c4 Rd6 18. Qe2 Rb8 19. b3 Bc8 20. Bb2 Bg4 21. Qe5
Kf8 22. c5 Rd7 23. Qf6+ Ke8 24. Qh8+ 1-0

[Event "C.to Provinciale NA"]
[Site "Napoli ITA"]
[Date "2014.01.30"]
[Round "7"]
[White "Buonanno, Raffaele"]
[Black "Freda, Guido"]
[WhiteElo "1470"]
[BlackElo "1578"]
[Result "1/2-1/2"]
[PlyCount "79"]
[EventDate "2013.12.05"]

1. d4 d5 2. c4 e6 3. Nc3 Nf6 4. cxd5 exd5 5. Bg5 Be7 6. e3 O-O 7. Qc2 c5 8. Bd3
g6 9. dxc5 Bxc5 10. Nge2 d4 11. exd4 Bxd4 12. Nxd4 Qxd4 13. Nb5 Qe5+ 14. Be3
Nc6 15. Qc3 Qxc3+ 16. Nxc3 Re8 17. O-O Nb4 18. Bb5 Bd7 19. Bxd7 Nxd7 20. Nb5
Nd5 21. Bxa7 b6 22. Rfd1 N7f6 23. Rac1 Re7 24. Rd2 Rexa7 25. Nxa7 Rxa7 26. a3
Rc7 27. Rxc7 Nxc7 28. Rd6 Nfd5 29. Kf1 Kf8 30. Ke2 Ke7 31. Rc6 f5 32. g3 Kd7
33. Rc1 g5 34. Kd3 h5 35. Kd4 Kd6 36. Kc4 b5+ 37. Kd3 f4 38. b4 f3 39. Ke4 g4
40. Rd1 1/2-1/2

[Event "C.to Provinciale NA"]
[Site "Napoli ITA"]
[Date "2014.01.30"]
[Round "7"]
[White "Capozzoli, Silvio"]
[Black "Zinnai, Graziano Matteo"]
[WhiteElo "1746"]
[BlackElo "2039"]
[Result "0-1"]
[PlyCount "48"]
[EventDate "2013.12.05"]

1. d4 d5 2. Nf3 Nf6 3. c4 e6 4. Nc3 c6 5. Qc2 Nbd7 6. a3 Bd6 7. e4 dxe4 8. Nxe4
Be7 9. Bg5 O-O 10. Rd1 Re8 11. Bd3 h6 12. Bh4 Nxe4 13. Bxe7 Qxe7 14. Bxe4 f5
15. Bd3 e5 16. dxe5 Nxe5 17. Nxe5 Qxe5+ 18. Qe2 Qa5+ 19. b4 Rxe2+ 20. Bxe2 Qc7
21. O-O Be6 22. Rfe1 Rd8 23. Bd3 Qf7 24. Re3 Bxc4 0-1

[Event "C.to Provinciale NA"]
[Site "Napoli ITA"]
[Date "2014.01.30"]
[Round "7"]
[White "Di Gennaro, Antonio"]
[Black "Melchior, Alex"]
[WhiteElo "1661"]
[BlackElo "1910"]
[Result "0-1"]
[PlyCount "52"]
[EventDate "2013.12.05"]

1. e4 c5 2. Nf3 d6 3. d4 cxd4 4. Nxd4 Nf6 5. Nc3 a6 6. Be3 e5 7. Nb3 Be6 8. f3
Be7 9. Qd2 b5 10. O-O-O Nbd7 11. g4 Nb6 12. Qf2 Nfd7 13. Kb1 Rc8 14. Nd5 Bxd5
15. exd5 Bg5 16. f4 exf4 17. Bxf4 Bxf4 18. Qxf4 Ne5 19. Bg2 O-O 20. Be4 Qh4 21.
h3 Nbc4 22. Rdg1 Rfe8 23. Nd4 g6 24. b3 Na3+ 25. Kb2 Qd8 26. Qd2 Nec4+ 0-1

[Event "C.to Provinciale NA"]
[Site "Napoli ITA"]
[Date "2014.01.30"]
[Round "7"]
[White "Messina, Enrico"]
[Black "Solombrino, Giovanni"]
[WhiteElo "2188"]
[BlackElo "1860"]
[Result "1-0"]
[PlyCount "77"]
[EventDate "2013.12.05"]

1. e4 c5 2. d4 cxd4 3. c3 d3 4. Bxd3 d6 5. c4 Nc6 6. Nc3 Nf6 7. a3 g6 8. Nf3
Bg7 9. O-O O-O 10. Be3 b6 11. Rc1 Bb7 12. Qe2 Nd7 13. Bb1 Nde5 14. Nd2 Nd7 15.
f4 Nd4 16. Qf2 e5 17. f5 Qf6 18. b3 g5 19. Nf3 Nxf3+ 20. Qxf3 Qe7 21. f6 Bxf6
22. Qh5 Bg7 23. Bxg5 f6 24. Be3 Nc5 25. Rcd1 Rad8 26. Rd2 Bc6 27. Rdf2 Qf7 28.
Qh4 Ne6 29. Nd5 Nf4 30. Bxf4 exf4 31. Rxf4 Bxd5 32. exd5 h6 33. Qg4 Kh8 34. Qf5
Qg8 35. Re1 Rde8 36. Ree4 Re5 37. Qd7 f5 38. Rxe5 Bxe5 39. Rxf5 1-0

[Event "C.to Provinciale NA"]
[Site "Napoli ITA"]
[Date "2014.01.30"]
[Round "7"]
[White "Miccoli, Livio"]
[Black "Caiazzo, Diego"]
[WhiteElo "1620"]
[BlackElo "1792"]
[Result "1/2-1/2"]
[PlyCount "95"]
[EventDate "2013.12.05"]

1. e4 c5 2. Nc3 d6 3. Nge2 Nf6 4. g3 e6 5. Bg2 Be7 6. O-O O-O 7. d3 Nc6 8. h3
a6 9. Be3 Qc7 10. f4 Nd7 11. f5 Nb6 12. Qd2 Bd7 13. Rf2 Rad8 14. Raf1 Bc8 15.
fxe6 fxe6 16. Kh2 Rxf2 17. Rxf2 Rf8 18. Rxf8+ Bxf8 19. Nf4 Qf7 20. Qf2 e5 21.
Nfd5 Qxf2 22. Bxf2 Nxd5 23. Nxd5 Ne7 24. Nb6 Be6 25. b3 Nc6 26. c3 Be7 27. Be3
h6 28. Nd5 Bd8 29. h4 Kf7 30. Bh3 Bxh3 31. Kxh3 Ke6 32. Kg4 Ne7 33. Nxe7 Bxe7
34. Kh5 Kf7 35. g4 b5 36. g5 hxg5 37. Bxg5 g6+ 38. Kg4 Bf8 39. Bd8 Be7 40. Bxe7
Kxe7 41. Kg5 Kf7 42. a3 a5 43. b4 axb4 44. axb4 cxb4 45. cxb4 Kg7 46. h5 gxh5
47. Kxh5 Kf6 48. Kg4 1/2-1/2

[Event "C.to Provinciale NA"]
[Site "Napoli ITA"]
[Date "2014.01.30"]
[Round "7"]
[White "Pellegrino, Carlo"]
[Black "Ghiani, Marco"]
[WhiteElo "1446"]
[BlackElo "1482"]
[Result "1/2-1/2"]
[PlyCount "45"]
[EventDate "2013.12.05"]

1. d4 Nf6 2. Nf3 d5 3. Bf4 Bf5 4. e3 e6 5. Be2 Bd6 6. Ne5 Nbd7 7. O-O O-O 8.
Nc3 c6 9. Rc1 Qc7 10. Nxd7 Nxd7 11. Bxd6 Qxd6 12. f4 Bg6 13. Rf3 Bh5 14. Rh3
Bxe2 15. Qxe2 f5 16. g4 fxg4 17. Qxg4 Rf6 18. Kh1 Raf8 19. Rg1 Rg6 20. Qh5
Rxg1+ 21. Kxg1 Nf6 22. Qg5 Qd7 23. Rh4 1/2-1/2

[Event "C.to Provinciale NA"]
[Site "Napoli ITA"]
[Date "2014.01.30"]
[Round "7"]
[White "Pellegrino, Giovanni"]
[Black "Farina, Walter"]
[WhiteElo "1380"]
[BlackElo "1618"]
[Result "1/2-1/2"]
[PlyCount "55"]
[EventDate "2013.12.05"]

1. d4 Nf6 2. Nf3 d5 3. e3 e6 4. Bd3 c5 5. b3 cxd4 6. exd4 Bb4+ 7. Nbd2 b6 8.
O-O Ba6 9. Bxa6 Nxa6 10. Ne5 Rc8 11. Bb2 Bxd2 12. Qxd2 Qd6 13. f4 O-O 14. Qe2
Nb4 15. Ba3 Rfd8 16. Rfc1 Ne4 17. c4 a5 18. Bb2 Nc6 19. Rf1 Ne7 20. Rf3 Rc7 21.
Rh3 Nf6 22. g4 g6 23. Re3 Rdc8 24. h4 h5 25. gxh5 Nxh5 26. Rf3 Nf5 27. Qf2 Qe7
28. Rh3 1/2-1/2

[Event "C.to Provinciale NA"]
[Site "Napoli ITA"]
[Date "2014.01.30"]
[Round "7"]
[White "Radice, Mario"]
[Black "Pinto, Giuseppe"]
[WhiteElo "1906"]
[BlackElo "1422"]
[Result "1-0"]
[PlyCount "49"]
[EventDate "2013.12.05"]

1. b3 e5 2. Bb2 d6 3. e3 Nc6 4. Bb5 Bd7 5. Ne2 Nf6 6. O-O Be7 7. f4 exf4 8.
Nxf4 O-O 9. Nc3 a6 10. Be2 Bf5 11. Nfd5 Qd7 12. Nxc7 Bxc2 13. Qxc2 Qxc7 14. Ne4
Rae8 15. Nxf6+ Bxf6 16. Bxf6 gxf6 17. Rxf6 Re6 18. Raf1 Rxf6 19. Rxf6 Qe7 20.
Rh6 f5 21. Bxa6 Rf6 22. Rxf6 Qxf6 23. Bxb7 Ne5 24. Bc8 Qg6 25. Qxf5 1-0

[Event "C.to Provinciale NA"]
[Site "Napoli ITA"]
[Date "2014.01.30"]
[Round "7"]
[White "Schiappoli, Dario"]
[Black "Auletta, Pasquale"]
[WhiteElo "1907"]
[BlackElo "1531"]
[Result "1-0"]
[PlyCount "85"]
[EventDate "2013.12.05"]

1. e4 c5 2. Nf3 d6 3. d4 cxd4 4. Nxd4 Nf6 5. Nc3 a6 6. Bc4 e6 7. Bb3 Be7 8. g4
b5 9. g5 Nfd7 10. Bxe6 Nc5 11. Bd5 Ra7 12. Rg1 Bb7 13. Bxb7 Rxb7 14. Nf5 g6 15.
Qd4 Kd7 16. Nxe7 Kxe7 17. Bf4 Ne6 18. Qf6+ Kd7 19. Qxf7+ Qe7 20. Qxe7+ Kxe7 21.
Nd5+ Kd7 22. O-O-O Nxf4 23. Nxf4 Rf8 24. Nd3 Nc6 25. Nc5+ Kc7 26. Nxb7 Kxb7 27.
Rgf1 Kc7 28. f4 Re8 29. Rde1 Nd4 30. c3 Ne6 31. h4 Nc5 32. Kd2 Nxe4+ 33. Kd3
Nf2+ 34. Kd4 Rxe1 35. Rxe1 Kd7 36. Re2 Nh3 37. Ke3 Kc6 38. Rg2 Kd5 39. Rh2 Ng1
40. Rh1 Ne2 41. Kxe2 Ke4 42. Rf1 d5 43. Rf3 1-0

[Event "C.to Provinciale NA"]
[Site "Napoli ITA"]
[Date "2014.01.30"]
[Round "7"]
[White "Trematerra, Massimiliano"]
[Black "Cerrato, Roberto"]
[WhiteElo "1507"]
[BlackElo "1804"]
[Result "0-1"]
[PlyCount "130"]
[EventDate "2013.12.05"]

1. e4 e6 2. g3 d5 3. Nc3 d4 4. Nce2 c5 5. Nf3 Nc6 6. e5 Qc7 7. c3 d3 8. Nf4 c4
9. Qa4 Bd7 10. Qxc4 Nge7 11. Nxd3 Ng6 12. Qe4 Be7 13. Bg2 O-O 14. O-O Rad8 15.
Rd1 a5 16. a4 Bc8 17. Nde1 Ncxe5 18. d4 Nc4 19. b3 Nb6 20. Bf4 Qd7 21. Bf1 Nd5
22. Ne5 Nxe5 23. dxe5 Qc7 24. Bd3 g6 25. Bd2 Nxc3 26. Rac1 Nxe4 27. Rxc7 Nxd2
28. Rxe7 Nxb3 29. Rc7 Nd4 30. f4 Rfe8 31. Kf2 Kf8 32. Rdc1 Nc6 33. Ke3 Rd7 34.
Rxd7 Bxd7 35. Rc5 Ke7 36. Nf3 h6 37. g4 Ra8 38. Be4 Ra6 39. Rb5 Nxe5 40. Rxe5
Bxa4 41. Bxb7 Ra7 42. Be4 Kd6 43. Nd2 Bd1 44. Nc4+ Kd7 45. g5 hxg5 46. fxg5 a4
47. Na3 Rc7 48. Kd4 Rc1 49. Bg2 Ra1 50. Re3 Ra2 51. Bf1 Rxh2 52. Rd3 Bb3 53.
Kc5+ Kc7 54. Nb5+ Kc8 55. Nd6+ Kc7 56. Nxf7 Rf2 57. Bh3 Rxf7 58. Rc3 Kd7 59.
Rd3+ Ke7 60. Rc3 Rf4 61. Kb5 Rd4 62. Bf1 Rd5+ 63. Kb4 Rxg5 64. Bc4 Rg4 65. Kc5
Rxc4+ 0-1

[Event "LV Festival A"]
[Site "Imperia ITA"]
[Date "2013.09.01"]
[Round "1"]
[White "Angelini, Marco"]
[Black "Astengo, Marcello"]
[WhiteElo "2267"]
[BlackElo "2057"]
[Result "1/2-1/2"]
[PlyCount "97"]
[EventDate "2013.09.01"]

1. e4 e6 2. Nf3 d5 3. Nc3 Nf6 4. e5 Nfd7 5. d4 c5 6. dxc5 Nc6 7. Bf4 Nxc5 8.
Qd2 a6 9. h4 d4 10. Nb1 Qb6 11. c3 Na4 12. cxd4 Qxb2 13. Qxb2 Nxb2 14. a3 b5
15. Be2 Bb7 16. O-O Na5 17. Ra2 Nbc4 18. Nfd2 Be7 19. Nxc4 Nxc4 20. h5 O-O 21.
a4 Rfd8 22. Rd1 Bd5 23. axb5 axb5 24. Rxa8 Rxa8 25. Nc3 b4 26. Nxd5 exd5 27.
Rb1 Ra2 28. Bf3 Nb6 29. Kf1 Kf8 30. Ke1 Ke8 31. Bd2 Ra5 32. Rxb4 Bxb4 33. Bxb4
Rb5 34. Bc5 Nc4 35. Bxd5 Nxe5 36. f4 Rxc5 37. dxc5 Nd3+ 38. Kf1 Nxc5 39. Ke2
Ke7 40. Ke3 f5 41. Kd4 Kd6 42. Bg8 Ne6+ 43. Ke3 Nf8 44. Kd4 Ne6+ 45. Ke3 Nf8
46. Kd4 Ne6+ 47. Ke3 Nf8 48. g3 Ke7 49. Kd4 1/2-1/2

[Event "LV Festival A"]
[Site "Imperia ITA"]
[Date "2013.09.01"]
[Round "1"]
[White "Castelfranchi, Carlo"]
[Black "Poloch, Petr"]
[WhiteElo "2066"]
[BlackElo "2267"]
[Result "1/2-1/2"]
[PlyCount "65"]
[EventDate "2013.09.01"]

1. e4 c5 2. Nf3 e6 3. d4 cxd4 4. Nxd4 Nf6 5. Nc3 d6 6. Be3 a6 7. Bc4 b5 8. Bb3
Bb7 9. O-O Nbd7 10. Bxe6 fxe6 11. Nxe6 Qc8 12. Nd5 Nxd5 13. exd5 Nf6 14. Re1
Bxd5 15. Nc7+ Qxc7 16. Bb6+ Qe7 17. Rxe7+ Bxe7 18. Bd4 Bf7 19. Bxf6 gxf6 20.
Qe2 h5 21. a4 bxa4 22. Qe4 Rb8 23. Qxa4+ Kf8 24. b3 Rg8 25. Qd7 Rg5 26. Rxa6
Bd5 27. g3 h4 28. f4 Rg7 29. Rxd6 hxg3 30. Rxf6+ Bf7 31. hxg3 Rd8 32. Rxf7+
Rxf7 33. Qe6 1/2-1/2

[Event "LV Festival A"]
[Site "Imperia ITA"]
[Date "2013.09.01"]
[Round "1"]
[White "Cavatorta, Fosco"]
[Black "Ahner, Thomas"]
[WhiteElo "1919"]
[BlackElo "2148"]
[Result "1-0"]
[PlyCount "72"]
[EventDate "2013.09.01"]

1. d4 Nf6 2. Nf3 e6 3. e3 b6 4. Bd3 Bb7 5. O-O c5 6. c4 Be7 7. Nc3 d5 8. cxd5
exd5 9. Ne5 O-O 10. Qf3 Nc6 11. Qh3 g6 12. f4 Nxe5 13. dxe5 Ne4 14. f5 gxf5 15.
Qxf5 Bc8 16. Qh5 f5 17. Bxe4 dxe4 18. Qe2 Be6 19. Rd1 Qb8 20. Nd5 Bd8 21. b3
Qxe5 22. Bb2 Qb8 23. Nf4 Qc8 24. Rd6 Re8 25. Qh5 Re7 26. Qg5+ Kf8 27. Rad1 Bg8
28. Rxd8+ Qxd8 29. Rxd8+ Rxd8 30. Qxf5+ Ke8 31. Bf6 Rd1+ 32. Kf2 Red7 33. Qxe4+
Kf8 34. Bg5 R1d2+ 35. Kg3 Bf7 36. Qxh7 Rxg2+ 1-0

[Event "LV Festival A"]
[Site "Imperia ITA"]
[Date "2013.09.01"]
[Round "1"]
[White "De Barberis, Massimo"]
[Black "Dolezal, Radoslav jr"]
[WhiteElo "2102"]
[BlackElo "2368"]
[Result "0-1"]
[PlyCount "46"]
[EventDate "2013.09.01"]

1. e4 c6 2. d4 d5 3. e5 Bf5 4. Nc3 e6 5. g4 Bg6 6. Nge2 c5 7. Nf4 cxd4 8. Qxd4
Nc6 9. Bb5 Nge7 10. h4 a6 11. Bxc6+ Nxc6 12. Qd1 d4 13. h5 Bxc2 14. Qxc2 dxc3
15. bxc3 Nxe5 16. Qe4 Qc7 17. Rh3 O-O-O 18. Rb1 Bc5 19. Ne2 Nc6 20. h6 g6 21.
Bg5 Be7 22. Bf4 Qa5 23. Nd4 Rxd4 0-1